Nghiên cứu môi tương quan giữa cấu trúc electron và khả năng ức chế ăn mòn kim loại của một số dẫn xuất 2-hydroxy 4-Metyl và 2,4-Dihydroxy axetophenon aroyl hydrazon /

Đã lưu trong:
書目詳細資料
主要作者: Phạm Văn Nhiêu.
其他作者: Vũ Thị Thảo.
格式: Bài viết
語言:Vietnamese
主題:
標簽: 添加標簽
沒有標簽, 成為第一個標記此記錄!
Thư viện lưu trữ: Thư viện Trường Đại học Đà Lạt
LEADER 00989nam a2200277 4500
001 DLU110125838
005 ##20110927
040 # # |a DLU  |b vie 
041 # # |a vie 
044 # # |a vn 
100 # # |a Phạm Văn Nhiêu. 
245 # # |a Nghiên cứu môi tương quan giữa cấu trúc electron và khả năng ức chế ăn mòn kim loại của một số dẫn xuất 2-hydroxy 4-Metyl và 2,4-Dihydroxy axetophenon aroyl hydrazon /  |c Phạm Văn Nhiêu, Vũ Thị Thảo. 
653 # # |a Hiệu suất ức chế 
653 # # |a Tác động hóa lí 
653 # # |a Tối ứu hóa 
700 # # |a Vũ Thị Thảo. 
773 # # |t Tạp chí Phân tích hóa, lý và sinh học  |g Số 3(13), 2008, tr. 45-49 
920 # # |a Phòng Tạp chí -- Trung tâm Thông tin - Thư viện Trường Đại học Đà Lạt 
994 # # |a DLU 
900 # # |a True 
911 # # |a Nguyễn Thị Linh Chi 
925 # # |a G 
926 # # |a A 
927 # # |a BB 
980 # # |a Thư viện Trường Đại học Đà Lạt